000 00802nam a2200253Ia 4500
003 OSt
005 20221005111637.0
006 a|||||r|||| 00| 0
007 ta
008 221004b |||||||| |||| 00| 0 hin d
024 _a32617
037 _cTextual
040 _aCRL
_cCRL
_bhin
041 _2hin
_ahin
082 _aO152:g(P), L3
100 _aप्रसाद, रामचन्द्र
245 0 _aशैली
246 _aShailī
260 _aपटना
_bबिहार हिन्दी ग्रंथ अकादमी भारत
_c1973
300 _a199पृ.
_ccm.
650 _aहिन्दी साहित्य
942 _hO152:g(P), L3
_cTEXL
_2cc
999 _c1022437
_d1022437